书目信息 |
| 题名: |
高等数学
|
|
| 作者: | 骈俊生 , 王罡 , 黄国建 主编 | |
| 分册: | ||
| 出版信息: | 北京 高等教育出版社 2025.02 |
|
| 页数: | 274页 | |
| 开本: | 26cm | |
| 丛书名: | 骈俊生高职数学系列经典教材 | |
| 单 册: | ||
| 中图分类: | O13 | |
| 科图分类: | ||
| 主题词: | 高等数学--gao deng shu xue--高等职业教育--教材 | |
| 电子资源: | ||
| ISBN: | 978-7-04-063614-7 | |
| 000 | 01325nam 2200337 450 | |
| 001 | 89976 | |
| 005 | 20250815091929.62 | |
| 010 | @a978-7-04-063614-7@dCNY45.60 | |
| 100 | @a20250319d2025 em y0chiy50 ea | |
| 101 | 0 | @achi |
| 102 | @aCN@b110000 | |
| 105 | @aak a 000yy | |
| 106 | @ar | |
| 200 | 1 | @a高等数学@Agao deng shu xue@e精要版@f主编骈俊生, 王罡, 黄国建 |
| 205 | @a第2版 | |
| 210 | @a北京@c高等教育出版社@d2025.02 | |
| 215 | @a274页@c图@d26cm | |
| 225 | 2 | @a骈俊生高职数学系列经典教材@Apian jun sheng gao zhi shu xue xi lie jing dian jiao cai |
| 300 | @a首届全国教材建设奖全国优秀教材 二等奖 国家精品在线开放课程配套教材 | |
| 320 | @a有书目 | |
| 330 | @a本书内容包括: 预备知识、函数的极限与连续、导数与微分、导数的应用、不定积分、定积分及其应用、常微分方程七章, 另外还有附录MATLAB在高等数学中的应用。 | |
| 333 | @a“十四五”职业教育国家规划教材 “十三五”职业教育国家规划教材 职业教育国家在线精品课程配套教材 “十四五”职业教育江苏省规划教材 | |
| 410 | 0 | @12001 @a骈俊生高职数学系列经典教材 |
| 517 | 1 | @a精要版 |
| 606 | 0 | @a高等数学@Agao deng shu xue@x高等职业教育@j教材 |
| 690 | @aO13@v5 | |
| 701 | 0 | @a骈俊生@Apian jun sheng@4主编 |
| 701 | 0 | @a王罡@Awang gang@4主编 |
| 701 | 0 | @a黄国建@Ahuang guo jian@4主编 |
| 801 | 0 | @aCN@c20250909 |
| 905 | @a河南城建学院图书馆@dO13@eP675=2@f1 | |
| 高等数学:精要版/主编骈俊生, 王罡, 黄国建.-第2版.-北京:高等教育出版社,2025.02 |
| 274页:图;26cm.-(骈俊生高职数学系列经典教材) |
| 首届全国教材建设奖全国优秀教材 二等奖 国家精品在线开放课程配套教材.-使用对象:“十四五”职业教育国家规划教材 “十三五”职业教育国家规划教材 职业教育国家在线精品课程配套教材 “十四五”职业教育江苏省规划教材 |
| ISBN 978-7-04-063614-7:CNY45.60 |
| 本书内容包括: 预备知识、函数的极限与连续、导数与微分、导数的应用、不定积分、定积分及其应用、常微分方程七章, 另外还有附录MATLAB在高等数学中的应用。 |
| ● |
| 相关链接 |
|
|
|
正题名:高等数学
索取号:O13/P675=2
 
预约/预借
| 序号 | 登录号 | 条形码 | 馆藏地/架位号 | 状态 | 备注 |
| 1 | 1623938 | 216239381 | 自科库401/401自科库 106排9列4层/ [索取号:O13/P675=2] | 在馆 |